000 006180000a22001810004500
003 MACL
005 20160510115405.0
008 160510b xxu||||| |||| 00| 0 eng d
040 _aMACL
_cMACL
041 _aHindi
082 _a891.431
100 _aडॉ जानी, वी नटवरलाल
_955821
245 _aबारोट कवियों की हिन्‍दी कविता
_cडॉ नटवरलाल वी जानी
260 _aरोहतक
_bशान्ति प्रकाशन
_c2010
350 _a500
650 _aStory
_955822
942 _cHIN
_k891.431/JAN/P
_2ddc
999 _c46288
_d46288